| 000 | 00515nam a2200169 4500 | ||
|---|---|---|---|
| 001 | 148198 | ||
| 003 | ES-MaACL | ||
| 005 | 20230906202504.0 | ||
| 007 | t| | ||
| 008 | 070214s1960 sp r ||||1| spa d | ||
| 100 | 1 |
_aStandish, Robert. _9107891 |
|
| 245 | 1 | 0 |
_aAmarga cosecha / _cRobert Standish ; versión de Julio Fernández-Yañez Gimeno. |
| 260 |
_aBarcelona : _bLuis de Caralt, _c1960. |
||
| 300 |
_a333 p. ; _c24 cm. |
||
| 700 | 1 |
_aFernández-Yáñez, Julio. _950195 |
|
| 852 |
_aES-MaACL _jC-18349 _bR.46570 |
||
| 999 |
_c148198 _d148198 |
||